000 00430nam a22001217a 4500
008 230606b xxu||||| |||| 00| 0 eng d
082 _a338.9
_bKEN
245 _aQuarterly Economic and Budgetary Review
_cOffice of the Deputy Prime Minister and Ministry of Finance
250 _a2nd Quarter
_b2009/2010
260 _aKenya
_bOffice of the Deputy Prime Minister and Ministry of Finance
_cFebruary 2010
300 _a34 p
942 _2ddc
_cBK
999 _c563
_d563